[Event "48th Bosna it"]
[Site "Sarajevo BIH"]
[Date "2018.05.05"]
[Round "1.34"]
[White "Markovic, Rade"]
[Black "Cerovic, Danilo"]
[Result "0-1"]
[WhiteElo "1767"]
[BlackElo "2307"]
[EventDate "2018.05.05"]
[PlyCount "52"]

1.e4 e6 2.d4 d5 3.Nc3 Nf6 4.Bg5 Bb4 5.e5 h6 6.Bd2 Bxc3 7.Bxc3 Ne4 8.Qf3 
O-O 9.O-O-O f6 10.Bb4 c5 11.Bxc5 Nxc5 12.dxc5 fxe5 13.Qe3 Nc6 14.Bd3 e4 
15.Bb5 Ne7 16.f3 Qa5 17.Qb3 e3 18.c4 a6 19.a4 axb5 20.axb5 dxc4 21.Qxc4 
Nd5 22.Rd4 Qe1+ 23.Kc2 Ra1 24.Kb3 Qa5 25.Kc2 Bd7 26.Rxd5 Bxb5 0-1

[Event "48th Bosna it"]
[Site "Sarajevo BIH"]
[Date "2018.05.05"]
[Round "1.35"]
[White "Maksimovic, Bojan"]
[Black "Basic, Nemanja"]
[Result "1-0"]
[WhiteElo "2301"]
[BlackElo "1763"]
[EventDate "2018.05.05"]
[PlyCount "108"]

1.e4 c5 2.Nf3 Nc6 3.d4 cxd4 4.Nxd4 Nf6 5.Nc3 e6 6.Ndb5 Bb4 7.a3 Bxc3+ 8.
Nxc3 d5 9.exd5 Nxd5 10.Nxd5 exd5 11.Bd3 O-O 12.O-O Re8 13.Re1 Rxe1+ 14.
Qxe1 Be6 15.Be3 Qf6 16.c3 d4 17.cxd4 Rd8 18.Rd1 Bb3 19.Rd2 h6 20.Bf1 Nxd4 
21.Rxd4 Rxd4 22.Qc3 Rd6 23.Qxb3 b6 24.h3 Qg6 25.Bc4 Qb1+ 26.Kh2 Rf6 27.Qd3
Qxd3 28.Bxd3 Rd6 29.Bc4 Rd1 30.a4 g5 31.Kg3 Kg7 32.Kf3 f5 33.b3 f4 34.Ke2 
Rg1 35.Bd4+ Kg6 36.Kf3 Rd1 37.Bc3 Kf5 38.g4+ fxg3 39.fxg3 h5 40.g4+ hxg4+ 
41.hxg4+ Kg6 42.Be5 Re1 43.Bg3 Re7 44.Bf2 Kf6 45.Bd4+ Kg6 46.Bc3 Re8 47.a5
b5 48.Bd3+ Kf7 49.Bd4 Rd8 50.Ke3 Re8+ 51.Kd2 b4 52.Bxa7 Ra8 53.Be3 Kf6 54.
a6 Ke5 1-0

[Event "48th Bosna it"]
[Site "Sarajevo BIH"]
[Date "2018.05.05"]
[Round "1.36"]
[White "Lakota, Izet"]
[Black "Eric, Jovana"]
[Result "0-1"]
[WhiteElo "1761"]
[BlackElo "2301"]
[EventDate "2018.05.05"]
[PlyCount "56"]

1.e4 c5 2.Nf3 d6 3.h3 a6 4.b3 Nf6 5.Nc3 g6 6.Bb2 Bg7 7.Ne2 O-O 8.Ng3 e5 9.
d3 Nc6 10.c3 d5 11.exd5 Nxd5 12.Be2 Nf4 13.O-O h5 14.Qc2 Be6 15.Rfd1 Bd5 
16.Ne4 b6 17.Bf1 Qd7 18.Bc1 Rad8 19.d4 Qf5 20.Nfd2 exd4 21.f3 dxc3 22.Nc4 
Nd4 23.Qf2 Nxh3+ 24.gxh3 Nxf3+ 25.Kh1 Bxe4 26.Be3 c2 27.Rxd8 Rxd8 28.Rc1 
Rd1 0-1

[Event "48th Bosna it"]
[Site "Sarajevo BIH"]
[Date "2018.05.05"]
[Round "1.37"]
[White "Pecnik, Leo"]
[Black "Strinic, Hamdija"]
[Result "1-0"]
[WhiteElo "2299"]
[BlackElo "1747"]
[EventDate "2018.05.05"]
[PlyCount "81"]

1.d4 d6 2.e4 g6 3.Nc3 Bg7 4.f4 e6 5.Nf3 Ne7 6.Be2 c6 7.O-O b5 8.e5 a6 9.
Ne4 Nf5 10.g4 d5 11.Nf6+ Bxf6 12.gxf5 Be7 13.f6 Bb4 14.a4 Bb7 15.Bd2 Bf8 
16.Qe1 Nd7 17.axb5 cxb5 18.Bb4 Qb6 19.Bxf8 Rxf8 20.Qb4 O-O-O 21.Ra3 Kb8 
22.Rc3 Rc8 23.Rxc8+ Bxc8 24.Nd2 h6 25.Nb3 Re8 26.Rf2 Qc6 27.Bf3 Qb6 28.f5 
gxf5 29.Bh5 Rg8+ 30.Rg2 Rf8 31.Qe7 Rd8 32.Kh1 Bb7 33.Nc5 Nxc5 34.dxc5 Qc7 
35.Qxc7+ Kxc7 36.Rg7 d4+ 37.Kg1 Be4 38.Rxf7+ Kc6 39.Re7 Kd5 40.f7 Rf8 41.
Re8 1-0

[Event "48th Bosna it"]
[Site "Sarajevo BIH"]
[Date "2018.05.05"]
[Round "1.38"]
[White "Terzic, Enes"]
[Black "Ozen, Bahadir"]
[Result "1/2-1/2"]
[WhiteElo "1716"]
[BlackElo "2295"]
[EventDate "2018.05.05"]
[PlyCount "44"]

1.d4 g6 2.Nf3 Bg7 3.e3 d6 4.Bd3 Nd7 5.O-O e5 6.dxe5 dxe5 7.e4 Ngf6 8.Re1 
O-O 9.c3 b6 10.Bc2 Bb7 11.Bg5 Qe7 12.Nbd2 a5 13.a4 Rad8 14.Qb1 h6 15.Bh4 
Ra8 16.Nc4 Qe8 17.Qa2 Nh5 18.Rad1 Bc6 19.Ne3 Bf6 20.Nd5 Bxd5 21.Qxd5 Rd8 
22.Qc6 Bxh4 1/2-1/2

[Event "48th Bosna it"]
[Site "Sarajevo BIH"]
[Date "2018.05.05"]
[Round "1.39"]
[White "Vajic, Goran"]
[Black "Comor, Harun"]
[Result "1-0"]
[WhiteElo "2294"]
[BlackElo "1712"]
[EventDate "2018.05.05"]
[PlyCount "41"]

1.e4 c6 2.d4 d5 3.e5 Bf5 4.Ne2 e6 5.Ng3 Bg6 6.h4 h6 7.h5 Bh7 8.Bd3 Bxd3 9.
cxd3 Nd7 10.O-O c5 11.dxc5 Bxc5 12.d4 Bb6 13.Qg4 Kf8 14.Nc3 a6 15.b3 Ne7 
16.Ba3 Kg8 17.Rad1 Rc8 18.Rd3 Nc6 19.Nxd5 Ncxe5 20.dxe5 Nxe5 21.Qe4 1-0

[Event "48th Bosna it"]
[Site "Sarajevo BIH"]
[Date "2018.05.05"]
[Round "1.40"]
[White "Beslija, Ismir"]
[Black "Konjicanin, Muris"]
[Result "0-1"]
[WhiteElo "1696"]
[BlackElo "2289"]
[EventDate "2018.05.05"]
[PlyCount "28"]

1.e4 e6 2.Nf3 d5 3.exd5 exd5 4.d4 Bd6 5.Nc3 c6 6.Be2 Ne7 7.O-O O-O 8.Re1 
Bf5 9.Bd3 Re8 10.Nh4 Bxd3 11.Qxd3 Ng6 12.Rxe8+ Qxe8 13.Nf5 Qe1+ 14.Qf1 
Bxh2+ 0-1

[Event "48th Bosna it"]
[Site "Sarajevo BIH"]
[Date "2018.05.05"]
[Round "1.41"]
[White "Hadzovic, Amir"]
[Black "Hamzic, Adil"]
[Result "1-0"]
[WhiteElo "2287"]
[BlackElo "1688"]
[EventDate "2018.05.05"]
[PlyCount "51"]

1.e4 c5 2.Nc3 d6 3.f4 e6 4.Nf3 Be7 5.Bc4 a6 6.a4 Nc6 7.O-O Bf6 8.Qe1 Qc7 
9.d3 Bd7 10.Qg3 h5 11.f5 O-O-O 12.Ng5 Bd4+ 13.Kh1 h4 14.Qh3 Ne5 15.fxe6 
fxe6 16.Bxe6 Nf6 17.Nd5 Nxd5 18.exd5 Kb8 19.c3 Rdf8 20.Bd2 Bf2 21.Ne4 Bxe6
22.dxe6 Nxd3 23.Qxd3 h3 24.Rxf2 Rxf2 25.Nxf2 hxg2+ 26.Kg1 1-0

[Event "48th Bosna it"]
[Site "Sarajevo BIH"]
[Date "2018.05.05"]
[Round "1.42"]
[White "Rakita, Jandrija"]
[Black "Subelj, Jan"]
[Result "0-1"]
[WhiteElo "1688"]
[BlackElo "2284"]
[EventDate "2018.05.05"]
[PlyCount "98"]

1.e4 e5 2.Nf3 Nc6 3.d4 exd4 4.Nxd4 Nf6 5.Nxc6 bxc6 6.Bd3 d6 7.h3 Be7 8.Nc3
Nd7 9.b3 Nc5 10.Bb2 Bf6 11.Rb1 O-O 12.O-O Re8 13.Qf3 Be5 14.Nd1 Qh4 15.
Bxe5 Rxe5 16.Nc3 Rg5 17.Kh2 Nd7 18.Qe3 Ne5 19.Be2 Qh6 20.f4 Ng4+ 21.Bxg4 
Rxg4 22.Rf3 f5 23.Re1 Rg6 24.Qd3 Re6 25.Ree3 Bd7 26.e5 Rae8 27.Qd4 c5 28.
Qc4 Kh8 29.Nd5 dxe5 30.Nxc7 exf4 31.Rxe6 Bxe6 32.Nxe6 Qxe6 33.Qxe6 Rxe6 
34.Rxf4 g6 35.Kg3 Kg7 36.Kf3 Kf6 37.g4 Ke5 38.gxf5 gxf5 39.c3 Rd6 40.Rc4 
Rd3+ 41.Kg2 Kd5 42.Ra4 Rxc3 43.Rxa7 Ke4 44.Ra4+ Ke3 45.Kg3 Rc1 46.Kg2 f4 
47.Ra7 f3+ 48.Kh2 f2 49.Re7+ Kd4 0-1

[Event "48th Bosna it"]
[Site "Sarajevo BIH"]
[Date "2018.05.05"]
[Round "1.43"]
[White "Hodzic, Nihad"]
[Black "Mattersberger, Melanie"]
[Result "1-0"]
[WhiteElo "2280"]
[BlackElo "1680"]
[EventDate "2018.05.05"]
[PlyCount "55"]

1.d4 Nf6 2.c4 g6 3.Nc3 Bg7 4.e4 d6 5.Be2 O-O 6.Bg5 e5 7.dxe5 dxe5 8.Qxd8 
Rxd8 9.Nd5 Nbd7 10.O-O-O Rf8 11.Nxc7 Rb8 12.f3 b6 13.Bd3 Nc5 14.Ne2 Ne6 
15.Nxe6 Bxe6 16.Kb1 Rfc8 17.Rc1 Nd7 18.Rhd1 Rc6 19.Nc3 Bf8 20.Nd5 h6 21.
Be3 Rbc8 22.g4 g5 23.a3 Nc5 24.Bc2 Nd7 25.Ba4 Rxc4 26.Rxc4 Rxc4 27.Bxd7 
Bxd7 28.Nf6+ 1-0

[Event "48th Bosna it"]
[Site "Sarajevo BIH"]
[Date "2018.05.05"]
[Round "1.44"]
[White "Grubauer, Gerhard"]
[Black "Obad, Andrija"]
[Result "0-1"]
[WhiteElo "1655"]
[BlackElo "2280"]
[EventDate "2018.05.05"]
[PlyCount "28"]

1.e4 c5 2.Nf3 d6 3.Bb5+ Nd7 4.d4 Nf6 5.Nc3 cxd4 6.Nxd4 e6 7.Be3 Be7 8.g4 
h6 9.Qd2 Nxg4 10.Rg1 Nxe3 11.Qxe3 Bg5 12.Qg3 Qb6 13.Nb3 a6 14.Na4 Qxb5 0-1

[Event "48th Bosna it"]
[Site "Sarajevo BIH"]
[Date "2018.05.05"]
[Round "1.45"]
[White "Doric, Nenad"]
[Black "Radaca, Nasir"]
[Result "1-0"]
[WhiteElo "2250"]
[BlackElo "1619"]
[EventDate "2018.05.05"]
[PlyCount "75"]

1.e4 c5 2.Nf3 d6 3.d4 cxd4 4.Qxd4 e5 5.Bb5+ Bd7 6.Qd3 Bxb5 7.Qxb5+ Qd7 8.
Nc3 a6 9.Qd3 Nc6 10.Nd5 Qd8 11.Be3 Rc8 12.c3 h6 13.Bb6 Qd7 14.O-O Nge7 15.
Rad1 Nxd5 16.Qxd5 Qe6 17.Qxe6+ fxe6 18.Nh4 Kd7 19.Ng6 Rg8 20.Rd3 Nb8 21.
Rfd1 Ke8 22.Nxf8 Rxf8 23.Rxd6 Kf7 24.f3 Rc4 25.Rd8 Rc8 26.Rxf8+ Kxf8 27.
Rd8+ Rxd8 28.Bxd8 Nd7 29.Bc7 Kf7 30.Kf1 Nc5 31.b3 Kf6 32.Ke2 g6 33.Bd6 Nd7
34.Kd3 Kf7 35.c4 Ke8 36.Bc7 Ke7 37.b4 Kf6 38.Kc3 1-0

[Event "48th Bosna it"]
[Site "Sarajevo BIH"]
[Date "2018.05.05"]
[Round "1.46"]
[White "Bies, Brian"]
[Black "Sitnic, Adnan"]
[Result "0-1"]
[WhiteElo "1610"]
[BlackElo "2187"]
[EventDate "2018.05.05"]
[PlyCount "80"]

1.e4 Nc6 2.d4 e5 3.d5 Nce7 4.Nf3 Ng6 5.h4 h5 6.Nc3 Nf6 7.a3 Bc5 8.Bg5 d6 
9.Bb5+ Bd7 10.Qe2 a6 11.Bxd7+ Qxd7 12.Bxf6 gxf6 13.Nd2 Bd4 14.Qf3 Qg4 15.
Qxg4 hxg4 16.g3 Bxc3 17.bxc3 f5 18.Rb1 b6 19.a4 a5 20.c4 fxe4 21.Nxe4 f5 
22.Ng5 e4 23.Kd2 Ne5 24.Kc3 Kd7 25.Ne6 Rae8 26.Nf4 e3 27.fxe3 Nf3 28.Rbe1 
Re4 29.Ng6 Rh6 30.h5 Nxe1 31.Rxe1 Rxh5 32.Nh4 f4 33.Kd3 Rxe3+ 34.Rxe3 fxe3
35.Kxe3 Re5+ 36.Kd2 Re4 37.Kd3 Re1 38.Nf5 Rf1 39.Ne3 Rf3 40.Ke2 Rxg3 0-1

[Event "48th Bosna it"]
[Site "Sarajevo BIH"]
[Date "2018.05.05"]
[Round "1.47"]
[White "Medancic, Rikard"]
[Black "Herega, Nejc"]
[Result "1-0"]
[WhiteElo "2164"]
[BlackElo "1600"]
[EventDate "2018.05.05"]
[PlyCount "73"]

1.Nf3 c5 2.g3 Nf6 3.Bg2 d5 4.d4 e6 5.O-O Nc6 6.c4 cxd4 7.Nxd4 Qb6 8.Nxc6 
bxc6 9.Nc3 Bd7 10.cxd5 cxd5 11.e4 dxe4 12.Nxe4 Nxe4 13.Bxe4 Rd8 14.Bg5 Be7
15.Bxe7 Kxe7 16.Qd2 f6 17.Rfe1 Bc6 18.Qc3 Bxe4 19.Rxe4 Qd6 20.Rae1 Qb6 21.
Rc4 e5 22.Rc6 Qb8 23.Rc7+ Rd7 24.Qc5+ Kd8 25.Rxd7+ Kxd7 26.Rd1+ Ke6 27.
Qc6+ Kf5 28.Qf3+ Kg6 29.Rd7 h5 30.b3 a5 31.Qd3+ Kh6 32.Qd2+ Kh7 33.Qxa5 
Qc8 34.Qd2 Re8 35.b4 Qc6 36.Qd5 Qc1+ 37.Kg2 1-0

[Event "48th Bosna it"]
[Site "Sarajevo BIH"]
[Date "2018.05.05"]
[Round "1.48"]
[White "Musinovic, Mirsad"]
[Black "Aleksic, Neven"]
[Result "0-1"]
[WhiteElo "1561"]
[BlackElo "2154"]
[EventDate "2018.05.05"]
[PlyCount "60"]

1.d4 Nf6 2.Bf4 e6 3.Nf3 c5 4.e3 d5 5.c3 Nc6 6.Be2 Bd6 7.Bg3 O-O 8.Nbd2 Qe7
9.Qc2 e5 10.dxe5 Nxe5 11.Nxe5 Bxe5 12.Nf3 Bxg3 13.hxg3 h6 14.Rd1 Bg4 15.
Nh4 Rfd8 16.Bxg4 Nxg4 17.O-O Qe6 18.Qf5 g5 19.Qxe6 fxe6 20.Nf3 e5 21.Rd2 
e4 22.Nh2 Ne5 23.Rfd1 Nd3 24.f4 gxf4 25.gxf4 d4 26.cxd4 cxd4 27.g3 dxe3 
28.Re2 Nxf4 29.Ree1 Rxd1 30.Rxd1 Nd3 0-1

[Event "48th Bosna it"]
[Site "Sarajevo BIH"]
[Date "2018.05.05"]
[Round "1.49"]
[White "Angun, Batu"]
[Black "Alispahic, Armin"]
[Result "1-0"]
[WhiteElo "2152"]
[BlackElo "1549"]
[EventDate "2018.05.05"]
[PlyCount "69"]

1.d4 d6 2.Nf3 g6 3.c4 Bg7 4.Nc3 Nf6 5.e4 O-O 6.Be2 Na6 7.O-O c5 8.e5 Nd7 
9.exd6 exd6 10.Bf4 Nf6 11.Rc1 Re8 12.Qd2 Bg4 13.Bg5 Qd7 14.Bxf6 Bxf6 15.
Nd5 Bg7 16.dxc5 dxc5 17.h3 Be6 18.Rfd1 Rad8 19.Bf1 Qc8 20.Ne7+ Kh8 21.Nxc8
Rxd2 22.Rxd2 Rxc8 23.Rcd1 Bf6 24.Bd3 Nb4 25.Be4 b6 26.b3 Nc6 27.Bxc6 Rxc6 
28.a4 a5 29.Rd6 Rc7 30.Rxb6 Bc3 31.Ng5 Bf5 32.g4 Bc8 33.Ne4 Bd4 34.Nd6 Be6
35.Rb8+ 1-0

[Event "48th Bosna it"]
[Site "Sarajevo BIH"]
[Date "2018.05.05"]
[Round "1.50"]
[White "Mahmutagic, Mevilda"]
[Black "Strinic, Halid"]
[Result "0-1"]
[WhiteElo "1538"]
[BlackElo "2133"]
[EventDate "2018.05.05"]
[PlyCount "26"]

1.d4 Nf6 2.Bf4 c5 3.c3 Qb6 4.b3 e6 5.e3 Nc6 6.Bd3 cxd4 7.cxd4 Nd5 8.Bg3 
Ncb4 9.Be2 Qc6 10.Nd2 Nc2+ 11.Kf1 Nxa1 12.Qxa1 Qc2 13.Ndf3 Nc3 0-1

[Event "48th Bosna it"]
[Site "Sarajevo BIH"]
[Date "2018.05.05"]
[Round "1.51"]
[White "Sesar, Ivan"]
[Black "Gazija, Tarik"]
[Result "1/2-1/2"]
[WhiteElo "2122"]
[BlackElo "1528"]
[EventDate "2018.05.05"]
[PlyCount "60"]

1.c4 e5 2.g3 Nf6 3.Bg2 Bc5 4.Nc3 Nc6 5.a3 a6 6.e3 d6 7.Nge2 Be6 8.d4 exd4 
9.exd4 Nxd4 10.Nxd4 Bxc4 11.Qa4+ b5 12.Ncxb5 axb5 13.Qxa8 Bxd4 14.Qc6+ Ke7
15.a4 Qb8 16.axb5 Bxb5 17.Qc2 Qb6 18.Be3 Re8 19.O-O-O Bxe3+ 20.fxe3 Qxe3+ 
21.Kb1 Qa7 22.Rhe1+ Kf8 23.Rxe8+ Bxe8 24.Qe2 Bd7 25.Qd3 g6 26.Qa3 Qf2 27.
Qa8+ Kg7 28.Qf3 Bf5+ 29.Ka1 Qa7+ 30.Qa3 Qf2 1/2-1/2

[Event "48th Bosna it"]
[Site "Sarajevo BIH"]
[Date "2018.05.05"]
[Round "1.52"]
[White "Kabadayi, Suleyman Arda"]
[Black "Nenezic, Danilo"]
[Result "0-1"]
[WhiteElo "1514"]
[BlackElo "2116"]
[EventDate "2018.05.05"]
[PlyCount "92"]

1.e4 c5 2.Nf3 d6 3.Bb5+ Bd7 4.Bxd7+ Qxd7 5.O-O Nf6 6.Re1 Nc6 7.c3 e6 8.d4 
Be7 9.Bg5 cxd4 10.cxd4 O-O 11.Nc3 h6 12.Bxf6 Bxf6 13.e5 Be7 14.exd6 Qxd6 
15.d5 exd5 16.Nxd5 Bd8 17.a3 Kh8 18.b4 Ne7 19.Nxe7 Bxe7 20.Qxd6 Bxd6 21.
Rad1 Rfd8 22.g3 Kg8 23.Rd3 Kf8 24.Red1 Be7 25.Kf1 Ke8 26.Ke2 Rxd3 27.Rxd3 
a5 28.Rb3 axb4 29.axb4 Ra4 30.b5 Ra2+ 31.Nd2 Kd7 32.Kd3 Ke6 33.f3 Kd5 34.
Nf1 Bc5 35.h3 Rf2 36.Ne3+ Ke6 37.Ke4 Re2 38.f4 Rxe3+ 39.Rxe3 Bxe3 40.Kxe3 
Kd5 41.g4 Kc5 42.h4 Kxb5 43.h5 Kc4 44.g5 Kd5 45.Kf3 f6 46.Kg4 Ke4 0-1

[Event "48th Bosna it"]
[Site "Sarajevo BIH"]
[Date "2018.05.05"]
[Round "1.53"]
[White "Bucan, Eldin"]
[Black "Fejzic, Danis"]
[Result "1-0"]
[WhiteElo "2115"]
[BlackElo "1460"]
[EventDate "2018.05.05"]
[PlyCount "47"]

1.e4 c5 2.Nf3 d6 3.d4 cxd4 4.Nxd4 Nf6 5.Nc3 g6 6.f4 Nc6 7.Bc4 Bd7 8.O-O 
Qb6 9.Be3 Ng4 10.Nd5 Qxb2 11.Nxc6 bxc6 12.Bd4 Qb7 13.Bxh8 f6 14.Rb1 Qc8 
15.Ba6 Qd8 16.h3 cxd5 17.hxg4 dxe4 18.g5 Kf7 19.Bc4+ Be6 20.Bxe6+ Kxe6 21.
gxf6 exf6 22.c4 Ke7 23.Rb7+ Ke8 24.Qa4+ 1-0

[Event "48th Bosna it"]
[Site "Sarajevo BIH"]
[Date "2018.05.05"]
[Round "1.54"]
[White "Tutic, Amina"]
[Black "Kersic, Matej"]
[Result "0-1"]
[WhiteElo "1439"]
[BlackElo "2109"]
[EventDate "2018.05.05"]
[PlyCount "60"]

1.e4 c5 2.Nf3 d6 3.c4 Nf6 4.Nc3 Nc6 5.d4 cxd4 6.Nxd4 g6 7.f3 Bg7 8.Be3 O-O
9.Be2 Qb6 10.Nxc6 Qxc6 11.Qd2 Be6 12.b3 Rfc8 13.Rc1 Qe8 14.O-O Nd7 15.Nd5 
b6 16.Bd4 Nc5 17.b4 Nd7 18.Bd1 Ne5 19.Qc3 Rxc4 20.Qxc4 Nxc4 21.Nc7 Bxd4+ 
22.Kh1 Qc8 23.Nxa8 Qxa8 24.Be2 b5 25.Rfd1 Be5 26.a4 a6 27.axb5 axb5 28.
Bxc4 Bxc4 29.g3 Be2 30.Rd3 Bxf3+ 0-1

[Event "48th Bosna it"]
[Site "Sarajevo BIH"]
[Date "2018.05.05"]
[Round "1.55"]
[White "Pantovic, Dragan"]
[Black "Beslija, Hana"]
[Result "1-0"]
[WhiteElo "2107"]
[BlackElo "1129"]
[EventDate "2018.05.05"]
[PlyCount "34"]

1.Nf3 Nc6 2.d4 Nf6 3.d5 Nb4 4.c4 c5 5.a3 Na6 6.Nc3 g6 7.e4 d6 8.h3 Bg7 9.
Bd3 O-O 10.Bf4 Re8 11.O-O Bd7 12.Re1 Nc7 13.Qd2 Nh5 14.Bh2 h6 15.e5 Bf8 
16.Ne4 Bf5 17.g4 Bxe4 1-0

[Event "48th Bosna it"]
[Site "Sarajevo BIH"]
[Date "2018.05.06"]
[Round "2.1"]
[White "Arapovic, Vitomir"]
[Black "Yilmaz, Mustafa"]
[Result "1/2-1/2"]
[WhiteElo "2329"]
[BlackElo "2621"]
[EventDate "2018.05.05"]
[PlyCount "121"]

1.e4 c5 2.Nc3 Nc6 3.g3 g6 4.Bg2 Bg7 5.f4 d6 6.Nf3 Nf6 7.O-O O-O 8.d3 Rb8 
9.h3 b5 10.g4 b4 11.Ne2 a5 12.Ng3 Ba6 13.Re1 Nd7 14.Rb1 a4 15.h4 Nd4 16.
Nxd4 cxd4 17.b3 Qc7 18.Bd2 Rfc8 19.Rc1 Rb6 20.g5 Rc6 21.Bh3 Bb5 22.Bxb4 
Rxc2 23.Rxc2 Qxc2 24.Qxc2 Rxc2 25.bxa4 Bxa4 26.a3 Nc5 27.Bf1 f6 28.Rb1 Kf7
29.Be2 Ra2 30.Bd1 Bxd1 31.Rxd1 fxg5 32.hxg5 h6 33.e5 hxg5 34.exd6 exd6 35.
fxg5 Ke6 36.Bxc5 dxc5 37.Ne4 Bf8 38.Nd2 Bd6 39.Nc4 Bf4 40.Rf1 Bxg5 41.Rf2 
Ra1+ 42.Rf1 Ra2 43.Rf2 Be3 44.Nxe3 Rxf2 45.Kxf2 dxe3+ 46.Kxe3 Kd5 47.Kf3 
Kd4 48.a4 Kxd3 49.a5 c4 50.a6 c3 51.a7 c2 52.a8=Q c1=Q 53.Qd5+ Kc2 54.Qc4+
Kb2 55.Qxc1+ Kxc1 56.Kg2 g5 57.Kf2 g4 58.Ke3 g3 59.Kf3 g2 60.Kf2 g1=Q+ 61.
Kxg1 1/2-1/2

[Event "48th Bosna it"]
[Site "Sarajevo BIH"]
[Date "2018.05.06"]
[Round "2.2"]
[White "Predke, Alexandr"]
[Black "Jakupovic, Neven"]
[Result "1-0"]
[WhiteElo "2603"]
[BlackElo "2324"]
[EventDate "2018.05.05"]
[PlyCount "43"]

1.e4 c5 2.Nf3 d6 3.Nc3 a6 4.g3 e5 5.Bg2 Nc6 6.d3 Nge7 7.Bd2 g6 8.h4 h6 9.
Nh2 Be6 10.h5 Qd7 11.Nd5 Bxd5 12.exd5 Nb4 13.hxg6 f5 14.g4 Nxg6 15.gxf5 
Nf4 16.Bxf4 exf4 17.c3 Bg7 18.Kf1 O-O 19.cxb4 Bxb2 20.Rb1 Bc3 21.Ng4 Rae8 
22.Nxh6+ 1-0

[Event "48th Bosna it"]
[Site "Sarajevo BIH"]
[Date "2018.05.06"]
[Round "2.3"]
[White "Dietmayer-Kraeutler, Marco"]
[Black "Brkic, Ante"]
[Result "0-1"]
[WhiteElo "2318"]
[BlackElo "2598"]
[EventDate "2018.05.05"]
[PlyCount "80"]

1.d4 Nf6 2.c4 e6 3.Nc3 Bb4 4.Qc2 d5 5.a3 Bxc3+ 6.Qxc3 O-O 7.Bg5 h6 8.Bxf6 
Qxf6 9.cxd5 exd5 10.e3 Bf5 11.Nf3 Nd7 12.Bb5 c6 13.Bd3 Bxd3 14.Qxd3 Qe7 
15.O-O Nf6 16.b4 a6 17.Nd2 Rad8 18.Rab1 Ne8 19.a4 Nd6 20.Nb3 h5 21.Nc5 h4 
22.f4 Rfe8 23.Rf3 Qf6 24.f5 Re7 25.Rbf1 Rde8 26.Rh3 Qg5 27.Rf4 Rxe3 28.
Rxe3 Qxf4 29.Rxe8+ Nxe8 30.Nxb7 Nf6 31.g3 Qc1+ 32.Kg2 Ne4 33.Qe2 hxg3 34.
h3 Nc3 35.Qe8+ Kh7 36.Nd6 Qd2+ 37.Kxg3 Ne2+ 38.Kf2 Nxd4+ 39.Kg1 Qg5+ 40.
Kh1 Nf3 0-1

[Event "48th Bosna it"]
[Site "Sarajevo BIH"]
[Date "2018.05.06"]
[Round "2.4"]
[White "Kozul, Zdenko"]
[Black "Vlatkovic, Milos"]
[Result "1-0"]
[WhiteElo "2597"]
[BlackElo "2318"]
[EventDate "2018.05.05"]
[PlyCount "69"]

1.d4 Nf6 2.c4 e6 3.g3 Bb4+ 4.Bd2 Bxd2+ 5.Qxd2 d5 6.Nf3 Nbd7 7.Bg2 c6 8.O-O
b6 9.Ne5 Bb7 10.Nc3 O-O 11.f4 Qe7 12.cxd5 exd5 13.Rac1 Rad8 14.Qc2 c5 15.
e3 cxd4 16.exd4 Qb4 17.Rfd1 Nxe5 18.fxe5 Ne8 19.a3 Qe7 20.Qa4 Ba8 21.Re1 
h5 22.Nb5 a5 23.Qb3 h4 24.gxh4 Qxh4 25.Re3 Qh6 26.Rce1 a4 27.Qb4 Rc8 28.
Rh3 Qe6 29.Qd2 Bc6 30.Nc3 Nc7 31.Qg5 f5 32.Ne2 f4 33.Nxf4 Qf5 34.Qh4 Rcd8 
35.e6 1-0

[Event "48th Bosna it"]
[Site "Sarajevo BIH"]
[Date "2018.05.06"]
[Round "2.5"]
[White "Cerovic, Danilo"]
[Black "Can, Emre"]
[Result "0-1"]
[WhiteElo "2307"]
[BlackElo "2596"]
[EventDate "2018.05.05"]
[PlyCount "54"]

1.e4 c5 2.Nf3 e6 3.d4 cxd4 4.Nxd4 Nc6 5.Nc3 Qc7 6.Be3 a6 7.Qf3 d6 8.O-O-O 
Bd7 9.Qg3 Nf6 10.f4 g6 11.Bd3 Bg7 12.Nxc6 Bxc6 13.f5 b5 14.fxe6 fxe6 15.e5
dxe5 16.Qh3 O-O 17.Bg5 Qb7 18.Qxe6+ Kh8 19.Bxf6 Rxf6 20.Qxe5 b4 21.Ne2 
Bxg2 22.Rhg1 a5 23.Kb1 a4 24.Nf4 Bf3 25.Rde1 Raf8 26.Nh3 a3 27.b3 Qc8 0-1

[Event "48th Bosna it"]
[Site "Sarajevo BIH"]
[Date "2018.05.06"]
[Round "2.6"]
[White "Fier, Alexandr"]
[Black "Maksimovic, Bojan"]
[Result "1/2-1/2"]
[WhiteElo "2580"]
[BlackElo "2301"]
[EventDate "2018.05.05"]
[PlyCount "73"]

1.Nf3 Nf6 2.c4 e6 3.g3 d5 4.Bg2 Be7 5.O-O O-O 6.b3 b6 7.Bb2 Bb7 8.e3 Nbd7 
9.Nc3 c5 10.Qe2 Ne4 11.cxd5 Nxc3 12.Bxc3 Bxd5 13.e4 Bb7 14.d4 Nf6 15.e5 
Nd5 16.Bb2 cxd4 17.Nxd4 Bc5 18.Qg4 Qe7 19.Nf3 Nb4 20.Ng5 Bxg2 21.Kxg2 Rfd8
22.Ne4 Kh8 23.Bc3 Nd5 24.Bb2 Nb4 25.Qh5 Kg8 26.Rfd1 Nd3 27.Bc3 Nxf2 28.
Nxf2 Bxf2 29.b4 Be3 30.Qf3 Bh6 31.Rd6 g6 32.Rad1 Bg7 33.b5 Rac8 34.Bb4 
Rxd6 35.exd6 Qd7 36.a4 h5 37.Qd3 1/2-1/2

[Event "48th Bosna it"]
[Site "Sarajevo BIH"]
[Date "2018.05.06"]
[Round "2.7"]
[White "Eric, Jovana"]
[Black "Djukic, Nikola"]
[Result "0-1"]
[WhiteElo "2301"]
[BlackElo "2556"]
[EventDate "2018.05.05"]
[PlyCount "64"]

1.e4 c5 2.b3 e5 3.Bb2 d6 4.Bb5+ Nc6 5.Bxc6+ bxc6 6.Nf3 Be7 7.O-O f5 8.exf5
Bxf5 9.d3 Nf6 10.Nbd2 O-O 11.h3 Qd7 12.Nc4 Nd5 13.Ne3 Be6 14.Nxd5 cxd5 15.
Qe2 Rf5 16.Nh2 Raf8 17.Rae1 Bh4 18.g3 Bd8 19.f4 Ba5 20.c3 d4 21.b4 dxc3 
22.bxa5 cxb2 23.Qxb2 exf4 24.g4 R5f7 25.Nf3 Bd5 26.Qc2 Re7 27.Rxe7 Qxe7 
28.Re1 Qd8 29.Kf2 Bxf3 30.Kxf3 Qh4 31.Qc4+ Kh8 32.Qe4 Qxh3+ 0-1

[Event "48th Bosna it"]
[Site "Sarajevo BIH"]
[Date "2018.05.06"]
[Round "2.8"]
[White "Kurajica, Bojan"]
[Black "Pecnik, Leo"]
[Result "1/2-1/2"]
[WhiteElo "2516"]
[BlackElo "2299"]
[EventDate "2018.05.05"]
[PlyCount "62"]

1.Nf3 Nf6 2.c4 g6 3.g3 Bg7 4.Bg2 O-O 5.O-O d6 6.d4 Nc6 7.d5 Na5 8.Nbd2 c5 
9.e4 a6 10.Rb1 e5 11.dxe6 Bxe6 12.b3 Ng4 13.Ne1 Ne5 14.Bb2 Nec6 15.Bxg7 
Kxg7 16.Nc2 b5 17.cxb5 axb5 18.f4 f6 19.Nf3 d5 20.exd5 Bxd5 21.Ne3 Be4 22.
Qxd8 Raxd8 23.Rbc1 Rd3 24.Rfe1 Bxf3 25.Bxf3 Nd4 26.Be4 Rd2 27.Rxc5 Re8 28.
Rc7+ Kh8 29.Ng4 f5 30.Nf6 Nf3+ 31.Kf1 Nxh2+ 1/2-1/2

[Event "48th Bosna it"]
[Site "Sarajevo BIH"]
[Date "2018.05.06"]
[Round "2.9"]
[White "Konjicanin, Muris"]
[Black "Diermair, Andreas"]
[Result "0-1"]
[WhiteElo "2289"]
[BlackElo "2504"]
[EventDate "2018.05.05"]
[PlyCount "60"]

1.d4 Nf6 2.Nf3 e6 3.c4 c5 4.Nc3 cxd4 5.Nxd4 Nc6 6.e3 Bb4 7.Qc2 O-O 8.a3 
Bc5 9.Nf3 a6 10.Be2 d5 11.O-O Qe7 12.Rd1 dxc4 13.Bxc4 b5 14.Be2 Bb7 15.b4 
Bd6 16.Bb2 Rac8 17.Rac1 Ne5 18.Qd2 Rfd8 19.Nxe5 Bxe5 20.Qe1 Ne8 21.Rxd8 
Rxd8 22.Rd1 Rc8 23.Qd2 Qc7 24.Rc1 Bxh2+ 25.Kh1 Qb8 26.f4 Bg3 27.Nd1 Rd8 
28.Qc2 Qd6 29.Kg1 e5 30.Nf2 exf4 0-1

[Event "48th Bosna it"]
[Site "Sarajevo BIH"]
[Date "2018.05.06"]
[Round "2.10"]
[White "Kadric, Denis"]
[Black "Vajic, Goran"]
[Result "1-0"]
[WhiteElo "2500"]
[BlackElo "2294"]
[EventDate "2018.05.05"]
[PlyCount "65"]

1.e4 e5 2.Bc4 Nf6 3.d3 Be7 4.Nf3 d6 5.O-O O-O 6.Re1 Nc6 7.a4 Bg4 8.h3 Bxf3
9.Qxf3 Nd4 10.Qd1 Ne6 11.c3 c6 12.Ba2 Qc7 13.d4 exd4 14.cxd4 d5 15.Nc3 Bb4
16.e5 Ne4 17.Re3 Bxc3 18.bxc3 f5 19.f3 Ng3 20.c4 f4 21.Rd3 Qd7 22.cxd5 
cxd5 23.Ba3 Rf7 24.Qb3 Re8 25.Kh2 Nf5 26.Qxd5 Qxa4 27.Rc1 g6 28.Qe4 Ng3 
29.Qe1 Kg7 30.Bxe6 Rxe6 31.d5 Re8 32.e6 Rf5 33.d6 1-0

[Event "48th Bosna it"]
[Site "Sarajevo BIH"]
[Date "2018.05.06"]
[Round "2.11"]
[White "Subelj, Jan"]
[Black "Cvitan, Ognjen"]
[Result "1/2-1/2"]
[WhiteElo "2284"]
[BlackElo "2487"]
[EventDate "2018.05.05"]
[PlyCount "26"]

1.e4 c5 2.Nf3 d6 3.c3 Nf6 4.h3 Nc6 5.Bd3 g6 6.Bc2 e5 7.d4 exd4 8.cxd4 cxd4
9.Nxd4 Bg7 10.O-O O-O 11.Be3 d5 12.Nc3 Nxe4 13.Nxe4 Nxd4 1/2-1/2